000 00647nam a2200217Ii 4500
001 2726
003 CO-ViMGA
008 241108s9999||||xx |||||||||||||| ||und||
020 _a950906565
040 _aCO-ViMGA
_bspa
_erda
_cCO-ViMGA
041 0 _aunk
082 0 4 _aR 340.03 C111d
100 1 _aGuillermo Cabanelas
_954841
245 1 0 _aDiccionario Enciclopédico de Derecho Usual
264 1 _a[Lugar de publicación no identificado] : Heliosta, 1996
300 _avolumen
336 _atext
_btxt
_2rdacontent
337 _aunmediated
_bn
_2rdamedia
338 _avolume
_bnc
_2rdacarrier
940 _aidficha_siabuc: 2667. -- ficha_no_siabuc:2726
999 _c52103
_d52103